JoJo Part 4 Quiz - Statistics

General Stats
  • This quiz has been taken 252 times
  • The average score is 17 of 25
Answer Stats
Hint Answer % Correct
Main Character Josuke
98%
Main characters nephew Jotaro
98%
Main Villain of the Season Yoshikage Kira
97%
Main Characters Father Joseph
96%
Stand of the Main Character Crazy Diamond
88%
Main Villains stand Killer Queen
88%
Short person Koichi
84%
The Town of the season Morioh
80%
Last Name of the Main Character Higashikata
78%
User of Stand: "The Hand" Okuyasu
71%
First villain of the Season Angelo
70%
What is the Name of the nephews stand Star Platinum
70%
Ultimate Move of main villains stand Bites The Dust
68%
Name of the Manga Drawers Stand Heavens Door
65%
Name of the Artist/Manga Drawer Rohan Kishibe
64%
Ultimate Ability of the Nephews stand The World
62%
_________ baby Main Characters Father Takes Care of Invisible
58%
Main Villains (second bodies) son Hayato
55%
Girl who kidnapped the short person Yukako
53%
What Did the First villains body get stuck in A rock
51%
Short Persons stand Reverb
50%
Second Villains Stand Name Bad Company
43%
Who Did the nephew get the ultimate ability from Dio Brando
42%
Second Villain of the season Keicho
42%
Third villain of the Season Red Hot Chili Pepper
27%
No matching quizzes found
Score Distribution
Percent of People with Each Score
Percentile by Number Answered
Your Score History
You have not taken this quiz